00392 a2200121 4500040001300000082001200013100002400025245006100049260005800110300003500168500005000203650001700253 aDLCbDLC a621.381 aNair, B. Somanathan aDigital Electronics and Logic DesigncB. Somanathan Nair a New Delhi :bPrentice-Hall of India Pvt.Ltd. ,c2002 axiv, 434 p. :b ill. ;c24 cm. aIncludes bibliographical references and index aLogic Design